| 000 | 00395nam a2200157Ia 4500 | ||
|---|---|---|---|
| 999 |
_c4332 _d4332 |
||
| 020 | _a0-415-26034-5 | ||
| 082 | _aRR 920.923 CHO-W | ||
| 100 | _aCohn-Sherbok, Lavinia | ||
| 245 | 0 | _aWho's who in Christianity | |
| 260 |
_aLondon _bRoutledge _c2002 |
||
| 300 | _axvi, 361 | ||
| 440 | _aRoultedge who's who series | ||
| 650 | _aChristian biography | ||
| 650 | _aReligious biography | ||
| 942 | _cBK | ||